=LDR 00000nam 2200000 4500 =001 NUTBA000000000005988 =005 20141117142629.0 =006 =007 =008 =020 ##$$a 978-602-8123-45-7 =035 ##$$a 0010-111400000000467 =040 ##$$a NBPDMAT =082 ##$$a 576.64 =090 ##$$a 576.64 $b Sus m =100 ##$$a Susi Lailawati =245 ##$$a Mengenal virus / $c penyusun Susi Laelawati =260 ##$$a Jakarta : $b Nobel Edumedia, $c 2012 =300 ##$$a 61 hlm. : $b ilus. ; $c 21 cm. =500 ##$$a Bibliografi : hlm. 61 =650 ##$$a Virus